A través del tiempo / (Record no. 115963)

MARC details
000 -LEADER
campo de control de longitud fija 00596nam a2200193 4500
001 - NÚMERO DE CONTROL
campo de control 115963
003 - IDENTIFICADOR DE NÚMERO DE CONTROL
campo de control ES-MaACL
005 - FECHA Y HORA DE LA ÚLTIMA TRANSACCIÓN
campo de control 20230906190614.0
007 - CAMPO FIJO DE DESCRIPCIÓN FÍSICA--INFORMACIÓN GENERAL
campo de control de longitud fija t|
008 - DATOS DE LONGITUD FIJA--INFORMACIÓN GENERAL
campo de control de longitud fija 061121s1968 sp r ||||1| spa d
100 1# - ENTRADA PRINCIPAL--NOMBRE DE PERSONA
Nombre de persona Panero, Juan Luis.
9 (RLIN) 88765
245 10 - MENCIÓN DEL TÍTULO
Título A través del tiempo /
Mención de responsabilidad, etc. Juan Luis Panero.
260 ## - PUBLICACIÓN, DISTRIBUCIÓN, ETC.
Lugar de publicación, distribución, etc. Madrid :
Nombre del editor, distribuidor, etc. Cultura Hispánica,
Fecha de publicación, distribución, etc. 1968.
300 ## - DESCRIPCIÓN FÍSICA
Extensión 87 p. ;
Dimensiones 20 cm.
490 1# - MENCIÓN DE SERIE
Mención de serie Poesía de España y América. La encina y el mar ;
Designación de volumen o secuencia 37
830 1# - PUNTO DE ACCESO ADICIONAL DE SERIE-TÍTULO UNIFORME
Título uniforme Poesía de España y América. La encina y el mar ;
Designación de volumen o secuencia 37
9 (RLIN) 179340
852 ## - LOCALIZACIÓN
Ubicación ES-MaACL
Número de control de estantería G-8415
Holdings
Estatus retirado Estado de pérdida Estado de daño No para préstamo Biblioteca de origen Biblioteca actual Ubicación en estantería Fecha de adquisición Fuente de adquisición Total de préstamos Signatura topográfica completa Código de barras Visto por última vez Precio de reemplazo Tipo de ítem Koha
        Biblioteca del Ateneo de Madrid Biblioteca del Ateneo de Madrid Sala Pecera Planta 3 17/01/2008     G-8415 1120927 23/02/2023 23/02/2023 Libro impreso